| 000 | 00597nam a22002057a 4500 | ||
|---|---|---|---|
| 003 | 0 | ||
| 005 | 20260311135426.0 | ||
| 008 | 260311b xxu||||| |||| 00| 0 eng d | ||
| 020 | _a978-0-451-52493-5 | ||
| 050 |
_aPR 6029.R8 _b.Or79 1977 |
||
| 100 |
_aOrwell, George, _eauthor. |
||
| 245 |
_a1984 / _cGeorge Orwell. |
||
| 260 |
_aNew York, NY : _bSignet Classics, _c1977. |
||
| 300 |
_a328 pages ; _c20 cm. |
||
| 504 | _aIncludes bibliographical references. | ||
| 650 |
_aTotalitarianism _vFiction. |
||
| 650 | _aPolitical fiction, English. | ||
| 650 |
_aDystopias _vFiction. |
||
| 942 |
_2lcc _cBK |
||
| 999 |
_c368840 _d368840 |
||